[Event "TUR-chT 1st League"]
[Site "Denizli"]
[Date "2023.07.13"]
[Round "7.15"]
[White "Mammadova, Gulnar Marfat Qizi"]
[Black "Djukic, Sandra"]
[Result "1/2-1/2"]
[WhiteElo "2357"]
[BlackElo "2118"]
[PlyCount "60"]
[EventDate "2023.07.09"]
[EventType "team-swiss"]
[EventRounds "9"]
[EventCountry "TUR"]
[SourceTitle "CBM 215 Extra"]
[Source "ChessBase"]
[SourceDate "2023.09.30"]
[SourceVersion "1"]
[SourceVersionDate "2023.09.30"]
[SourceQuality "1"]
[WhiteTeam "Pamukkale Universiteli"]
[BlackTeam "Olbia Satranc"]
[WhiteTeamCountry "TUR"]
[BlackTeamCountry "TUR"]

1. e4 d5 2. exd5 Qxd5 3. Nc3 Qd8 4. d4 Nf6 5. Bf4 c6 6. Nf3 Bg4 7. Be2 e6 8. 0-0 Bxf3 9. Bxf3 Bd6 10. Qd2 Bxf4 11. Qxf4 Nbd7 12. Rfe1 0-0 13. Ne4 Qb6 14. Nxf6+ Nxf6 15. Rab1 Rad8 16. c3 Rd7 17. h3 Rfd8 18. Qe5 Qa6 19. Ra1 Qd3 20. Qe2 Qf5 21. a4 h6 22. Qe5 Qc2 23. Qe2 Qf5 24. Qe5 Qc2 25. Qe2 Qf5 26. Qe5 Qc2 27. Qe2 Qf5 28. Qe5 Qc2 29. Qe2 Qf5 30. Qe5 Qc2 1/2-1/2

[Event "SRB-chT (Women)"]
[Site "Custica"]
[Date "2022.10.28"]
[Round "7.3"]
[White "Maltsevskaya, Aleksandra"]
[Black "Djukic, Sandra"]
[Result "1-0"]
[WhiteElo "2389"]
[BlackElo "2138"]
[PlyCount "75"]
[EventDate "2022.10.22"]
[EventType "team-tourn"]
[EventRounds "11"]
[EventCountry "SRB"]
[SourceTitle "EXT 2024"]
[Source "ChessBase"]
[SourceDate "2023.10.10"]
[SourceVersion "1"]
[SourceVersionDate "2023.10.10"]
[SourceQuality "1"]
[WhiteTeam "Nis Osnovac (W)"]
[BlackTeam "Goracici Jelica (W)"]
[WhiteTeamCountry "SRB"]
[BlackTeamCountry "SRB"]

1. e4 e6 2. d4 d5 3. Nc3 Bb4 4. e5 c5 5. a3 Bxc3+ 6. bxc3 Qa5 7. Bd2 Qa4 8. Nf3 Ne7 9. Bd3 c4 10. Be2 Nbc6 11. 0-0 Bd7 12. Nh4 0-0-0 13. f4 Rdf8 14. Kh1 Ng6 15. Be1 Qa5 16. Qd2 Qd8 17. Nf3 f6 18. exf6 Qxf6 19. Ne5 Ngxe5 20. dxe5 Qh6 21. Bg3 Rf7 22. Qe3 Rhf8 23. a4 Qg6 24. Ra2 Qf5 25. Rb1 Be8 26. a5 g5 27. fxg5 a6 28. h4 Bd7 29. Rab2 Be8 30. Bh5 Rc7 31. Bxe8 d4 32. cxd4 Rxe8 33. c3 Rf8 34. Kh2 Ne7 35. d5 Nxd5 36. Qa7 h6 37. Rxb7 hxg5 38. Qxa6 1-0

[Event "SRB-chT (Women)"]
[Site "Custica"]
[Date "2022.10.26"]
[Round "5.4"]
[White "Mkrtchian, Lilit"]
[Black "Djukic, Sandra"]
[Result "1-0"]
[WhiteElo "2380"]
[BlackElo "2138"]
[PlyCount "72"]
[EventDate "2022.10.22"]
[EventType "team-tourn"]
[EventRounds "11"]
[EventCountry "SRB"]
[SourceTitle "EXT 2024"]
[Source "ChessBase"]
[SourceDate "2023.10.10"]
[SourceVersion "1"]
[SourceVersionDate "2023.10.10"]
[SourceQuality "1"]
[WhiteTeam "Belgrade Crvena Zvezda (W)"]
[BlackTeam "Goracici Jelica (W)"]
[WhiteTeamCountry "SRB"]
[BlackTeamCountry "SRB"]

1. c4 e6 2. Nc3 d5 3. d4 Nf6 4. Nf3 dxc4 5. e4 b5 6. e5 Nd5 7. Nxb5 Nb6 8. Be2 Nc6 9. 0-0 Be7 10. Be3 Qd7 11. Qc1 a6 12. Nc3 Bb7 13. Rd1 Na5 14. Qc2 Nd5 15. Nxd5 Bxd5 16. Qc3 Qa4 17. Bd2 Nc6 18. Rdc1 Bb4 19. Qe3 0-0 20. b3 Bxd2 21. bxa4 Bxe3 22. fxe3 Na5 23. Nd2 c5 24. dxc5 Rac8 25. Nxc4 Rxc5 26. Nb6 Rxc1+ 27. Rxc1 Bxa2 28. Bxa6 Rd8 29. Rc5 Nb3 30. Rc2 Rd1+ 31. Kf2 Rd2+ 32. Rxd2 Nxd2 33. Bd3 Bb1 34. Bxb1 Nxb1 35. Ke2 Kf8 36. Kd3 Ke8 1-0

[Event "FRM-chT (Women)"]
[Site "Struga"]
[Date "2022.10.18"]
[Round "5.2"]
[White "Djukic, Sandra"]
[Black "Voiska, Margarita"]
[Result "1/2-1/2"]
[WhiteElo "2138"]
[BlackElo "2187"]
[PlyCount "81"]
[EventDate "2022.10.14"]
[EventType "team-tourn"]
[EventRounds "7"]
[EventCountry "MKD"]
[SourceTitle "CBM 210 Extra"]
[Source "ChessBase"]
[SourceDate "2022.11.30"]
[SourceVersion "1"]
[SourceVersionDate "2022.11.30"]
[SourceQuality "1"]
[WhiteTeam "Kumanovo (W)"]
[BlackTeam "Negotino (W)"]
[WhiteTeamCountry "MKD"]
[BlackTeamCountry "MKD"]

1. d4 d5 2. c4 c6 3. cxd5 cxd5 4. Bf4 Nc6 5. e3 Nf6 6. Nc3 a6 7. Bd3 Bg4 8. Nge2 e6 9. 0-0 Be7 10. Rc1 0-0 11. h3 Bh5 12. a3 Bg6 13. Bxg6 hxg6 14. Bg5 Na5 15. Nf4 Nc4 16. Nd3 Ne4 17. Bxe7 Qxe7 18. Qe2 Rfc8 19. Rc2 Qd8 20. Rfc1 Na5 21. Na4 Nb3 22. Rxc8 Rxc8 23. Rc3 Rxc3 24. Nxc3 Qc7 25. h4 Na5 26. g3 Nc4 27. Kg2 Ncd6 28. Nf4 Nf6 29. h5 gxh5 30. Nxh5 Nxh5 31. Qxh5 Nc4 32. Qe2 Nxa3 33. Nxd5 Qc6 34. bxa3 Qxd5+ 35. Kg1 g6 36. Qc2 Kg7 37. Qc3 Kf8 38. Qc8+ Ke7 39. Qc7+ Kf6 40. Qb6 Ke7 41. Qc7+ 1/2-1/2